MARC

LEADER 00000nam0a2200000 4500
001 325145
005 20231102003733.0
035 |a (RuTPU)RU\TPU\book\350756 
035 |a RU\TPU\book\34286 
090 |a 325145 
100 |a 20161129d1959 km y0rusy50 ca 
101 0 |a rus  |a fre 
102 |a RU 
105 |a y e 001zy 
200 1 |a Русско-французский словарь  |e [около 50 000 слов]  |f Л. В. Щерба, М. И. Матусевич 
205 |a 7-е изд., стер. 
210 |a Москва  |c ГИС  |d 1959 
215 |a 851 с. 
320 |a Библиография: с. 8 (26 назв.) 
606 1 |a Французский язык  |x Словари  |2 stltpush  |3 (RuTPU)RU\TPU\subj\16828  |9 42728 
610 1 |a русско-французские словари 
610 1 |a словари 
610 1 |a грамматика 
610 1 |a лексика 
610 1 |a переводы 
610 1 |a толкование 
686 |a Ш147.11-4  |v LBC/SL-A  |2 rubbk 
700 1 |a Щерба  |b Л. В.  |g Лев Владимирович 
701 1 |a Матусевич  |b М. И.  |g Маргарита Ивановна 
801 0 |a RU  |b 63413507  |c 20011210  |g PSBO 
801 2 |a RU  |b 63413507  |c 20161201  |g PSBO 
942 |c BK